000 01416cam a2200157 4500500
005 20260329050450.0
041 _afre
042 _adc
100 1 0 _aBailly, Antoine
_eauthor
700 1 0 _aFerras, Robert
_eauthor
700 1 0 _aScariati, Renato
_eauthor
245 0 0 _aÉléments d'épistémologie de la géographie
260 _bArmand Colin,
_c2018.
520 _aComment définir la géographie ? Quels en sont les concepts opératoires ? Quelles interactions entretient-elle avec les disciplines voisines ? Quelle est la place de la géographie au sein du monde scientifique ? Et surtout quel est son rôle dans la compréhension du monde contemporain ? En présentant les grands textes fondateurs, les principales démarches et écoles de la discipline, ainsi que ses notions fondamentales, cette approche épistémologique de la géographie dresse un panorama de l’histoire de la géographie et de ses relations avec l’ensemble des sciences sociales. Véritable outil à l’attention des étudiants de premier cycle et des candidats aux concours de l’enseignement, la nouvelle édition de ce manuel de référence vient également éclairer les débats anciens et nouveaux, décrypter les positions idéologiques, analyser les héritages et les ruptures.
856 4 1 _uhttps://shs.cairn.info/elements-d-epistemologie-de-la-geographie--9782200623500?lang=fr&redirect-ssocas=7080
999 _c1994911
_d1994911